70 größte Agglomerationen, die mit M beginnen - Statistiken

Allgemein
  • Dieses Quiz wurde 39 mal gespielt
  • Das Durchschnittsergebnis liegt bei 31 aus 70
Antwortstatistiken
Einwohner Agglomeration Staat % Korrekt
5.000 Mailand Italien
100%
23.000 Manila Philippinen
100%
22.100 Mexiko-Stadt Mexiko
100%
2.100 München Deutschland
100%
6.000 Madrid Spanien
97%
5.200 Melbourne Australien
97%
2.150 Minsk Belarus
97%
18.000 Moskau Russland
97%
24.000 Mumbai Indien
97%
2.900 Manchester Vereinigtes Königreich
94%
1.300 Marseille Frankreich
92%
4.500 Mogadischu Somalia
92%
4.000 Montreal Kanada
92%
2.500 Mekka Saudi-Arabien
86%
1.700 Montevideo Uruguay
86%
1.100 Marrakesch Marokko
78%
1.500 Maskat Oman
78%
1.000 Mannheim Deutschland
75%
3.500 Maputo Mosambik
75%
3.800 Medellin Kolumbien
75%
1.500 Manama Bahrain
72%
6.300 Miami USA
72%
1.600 Mombasa Kenia
72%
6.000 Monterrey Mexiko
69%
1.500 Medina Saudi-Arabien
67%
1.400 Managua Nicaragua
64%
2.400 Manaus Brasilien
64%
2.000 Monrovia Liberia
61%
850 Malaga Spanien
58%
1.050 Memphis USA
58%
3.100 Minneapolis USA
53%
2.400 Maracaibo Venezuela
44%
1.800 Mossul Irak
42%
1.300 Milwaukee USA
39%
4.500 Medan Indonesien
36%
2.000 Mandalay Myanmar
33%
1.050 Mendoza Argentinien
31%
3.200 Macau China
28%
2.200 Makassar Indonesien
25%
4.000 Mashhad Iran
25%
1.100 Mersin Türkei
25%
1.400 Mérida Mexiko
22%
2.300 Multan Pakistan
22%
1.600 Madurai Indien
19%
2.500 Mbuji-Mayi DR Kongo
19%
1.100 Maceió Brasilien
17%
900 Machatschkala Russland
17%
700 Malakka Malaysia
14%
1.500 Malang Indonesien
14%
1.000 Maoming China
14%
1.400 Maracay Venezuela
14%
1.800 Meerut Indien
14%
750 Meknes Marokko
14%
1.100 Mexicali Mexiko
11%
1.400 Mianyang China
11%
800 Mangalore Indien
8%
1.100 Moradabad Indien
8%
1.000 Mwanza Tansania
8%
1.200 Mysore Indien
8%
1.400 Maiduguri Nigeria
6%
1.200 Mansurah Ägypten
3%
800 McAllen USA
3%
900 Morelia Mexiko
3%
1.000 Ma’anshan China
0%
1.100 Mahalla al-Kubra Ägypten
0%
700 Mbeja Tansania
0%
700 Meishan China
0%
800 Mekele Äthiopien
0%
800 Mudanjiang China
0%
700 Muzaffarnagar Indien
0%
Keine übereinstimmenden Quizze gefunden
Verteilung der Resultate
Anzahl Personen mit jedem Resultat
Perzentil nach korrekt beantworteten Fragen
Ihre Resultats-Entwicklung
Sie haben dieses Quiz noch nicht gespielt